Statistiques concernant Type de vêtement Streetwear

Cliquez ici pour prendre le quiz!

Statistiques générales

  • Ce quiz a été pris 224 fois
  • Le résultat moyen est 6 sur 11

Statistiques - réponses

Réponse% Correct
Baggy
88%
Campus
83%
Carhartt
76%
Stüssy
67%
Corteiz
62%
Samba
62%
Bape
51%
Arc Téryx
43%
Shox tl
37%
Minus two
33%
Obey
30%

Distribution des résultats

Percentile par nombre de réponses

% des personnes avec chaque résultat

Votre développement - résultats

Vous n’avez pas pris ce quiz